000 00737nam a22002292 4500
001 0000012809
005 20151217152114.0
008 090320s xx 000 0 eng d
020 _a0199290697 :
040 _aKABU
_cKABU
245 1 0 _aEthics, prevention, and public health /
_cedited by Angus Dawson and Marcel Verweij.
250 _a1st ed.
260 _aOxford :
_bO. U. P.,
_c2007.
300 _axi, 234 p.
650 0 _aPublic health
_xMoral and ethical aspects.
_@0000169748
650 0 _aPublic health practice.
_@0000169749
700 1 _aDawson, Angus.
_@0000169750
700 1 _aVerweij, Marcel.
_@0000169751
852 1 _9p2962.50 KES
908 _a090320
950 _@1
999 _c8327
_d8327